[Event "Dueville op-B 1st"]
[Site "Dueville"]
[Date "2023.06.03"]
[Round "3"]
[White "Ranieri, Guglielmo"]
[Black "Jimchi, Abdelaziz"]
[Result "1-0"]
[WhiteElo "1410"]
[BlackElo "1677"]
[PlyCount "39"]
[EventDate "2023.06.01"]
[EventType "swiss"]
[EventRounds "5"]
[EventCountry "ITA"]
[SourceTitle "EXT 2024"]
[Source "ChessBase"]
[SourceDate "2023.10.10"]
[SourceVersion "1"]
[SourceVersionDate "2023.10.10"]
[SourceQuality "1"]

1. e4 d6 2. d4 Nf6 3. Nc3 c6 4. f4 Qa5 5. Bd2 e5 6. fxe5 dxe5 7. dxe5 Qxe5 8. Nf3 Qc7 9. Bc4 Bg4 10. Qe2 Nbd7 11. 0-0-0 b5 12. e5 Bxf3 13. gxf3 Qxe5 14. Qxe5+ Nxe5 15. Nxb5 cxb5 16. Bxb5+ Ned7 17. Rhe1+ Kd8 18. Ba5+ Kc8 19. Ba6+ Kb8 20. Rxd7 1-0

[Event "Campalto CIS 54th Serie C12"]
[Site "Campalto"]
[Date "2023.05.21"]
[Round "5.3"]
[White "Jimchi, Abdelaziz"]
[Black "Tomio, Dante"]
[Result "1-0"]
[WhiteElo "1672"]
[BlackElo "1711"]
[PlyCount "51"]
[EventDate "2023.05.19"]
[EventType "team-tourn"]
[EventRounds "5"]
[EventCountry "ITA"]
[SourceTitle "EXT 2024"]
[Source "ChessBase"]
[SourceDate "2023.10.10"]
[SourceVersion "1"]
[SourceVersionDate "2023.10.10"]
[SourceQuality "1"]
[WhiteTeam "Valpolicella Monday"]
[BlackTeam "Conegliano Queen"]
[WhiteTeamCountry "ITA"]
[BlackTeamCountry "ITA"]

1. d4 Nf6 2. Nf3 g6 3. b3 Bg7 4. Bb2 0-0 5. c4 d6 6. Nbd2 Nbd7 7. g3 c6 8. Bg2 Re8 9. 0-0 e5 10. dxe5 dxe5 11. e4 Qc7 12. Qc2 Nh5 13. Rad1 Nf8 14. c5 Be6 15. Nc4 Bxc4 16. Qxc4 Rad8 17. Qc1 Ne6 18. b4 Kh8 19. Qa1 f6 20. Bh3 Qf7 21. a4 a6 22. Qa2 Rxd1 23. Rxd1 Qe7 24. Bxe6 Qxe6 25. Qxe6 Rxe6 26. Rd8+ 1-0

[Event "Treviso op-C 1st"]
[Site "Treviso"]
[Date "2017.03.18"]
[Round "3.9"]
[White "Bressan, Andrea"]
[Black "Jimchi, Abdelaziz"]
[Result "0-1"]
[WhiteElo "1571"]
[BlackElo "1691"]
[PlyCount "88"]
[EventDate "2017.03.17"]
[EventType "swiss"]
[EventRounds "5"]
[EventCountry "ITA"]
[SourceTitle "EXT 2024"]
[Source "ChessBase"]
[SourceDate "2023.10.10"]
[SourceVersion "1"]
[SourceVersionDate "2023.10.10"]
[SourceQuality "1"]

1. e4 g6 2. d4 Bg7 3. Nc3 a6 4. a4 b6 5. Nf3 Bb7 6. Bc4 e6 7. 0-0 d6 8. Re1 Nd7 9. Be3 Ne7 10. Qd2 h6 11. b4 Nf6 12. Qd3 0-0 13. Rad1 d5 14. exd5 Nexd5 15. Nxd5 Nxd5 16. Bd2 Qd6 17. c3 Nf4 18. Qe3 Nd5 19. Qd3 Nf6 20. Ne5 Nd5 21. Re4 Ne7 22. Re2 Kh7 23. Bb3 Rad8 24. Bc2 Bxe5 25. Bxh6 Bg7 26. Bg5 Rh8 27. Qe3 Kg8 28. Bf4 Qd7 29. Qg3 c5 30. h3 cxb4 31. cxb4 Rh5 32. Qe3 Nd5 33. Qd2 Nxf4 34. Qxf4 Qd6 35. Qe3 Qxb4 36. Bb3 Bd5 37. Bxd5 Rhxd5 38. Rc1 Bxd4 39. Qf3 Bc5 40. Re4 Qb2 41. Rce1 Rf5 42. Rf4 Rxf4 43. Qxf4 Qd2 44. Qe4 Bxf2+ 0-1

[Event "Treviso op-C 1st"]
[Site "Treviso"]
[Date "2017.03.17"]
[Round "1.7"]
[White "Haller, Quentin"]
[Black "Jimchi, Abdelaziz"]
[Result "1/2-1/2"]
[WhiteElo "1557"]
[BlackElo "1691"]
[PlyCount "96"]
[EventDate "2017.03.17"]
[EventType "swiss"]
[EventRounds "5"]
[EventCountry "ITA"]
[SourceTitle "EXT 2024"]
[Source "ChessBase"]
[SourceDate "2023.10.10"]
[SourceVersion "1"]
[SourceVersionDate "2023.10.10"]
[SourceQuality "1"]

1. d4 g6 2. c4 Bg7 3. Nc3 d6 4. e4 Nd7 5. Be3 e5 6. d5 a6 7. Bd3 Ne7 8. Nge2 0-0 9. 0-0 f5 10. f3 f4 11. Bf2 g5 12. Nc1 Ng6 13. Be2 Nf6 14. h3 Bd7 15. Nd3 h5 16. Be1 Qc8 17. Nf2 Kf7 18. Kh2 Rh8 19. Rh1 g4 20. Kg1 g3 21. Nd3 Bf8 22. Qd2 Be7 23. Bd1 Qb8 24. b4 Qa7+ 25. Kf1 Qd4 26. Nb2 Qa7 27. a4 c5 28. b5 axb5 29. Nxb5 Bxb5 30. cxb5 b6 31. Nc4 Qc7 32. Ke2 Rhb8 33. Qd3 Qd7 34. Bc3 Nh4 35. Kf1 Nh7 36. Bxe5 Ng6 37. Bc3 Bf6 38. Bc2 Nhf8 39. Bxf6 Kxf6 40. Re1 Ne5 41. Nxe5 dxe5 42. Qc4 Qd6 43. Rd1 Ra5 44. Bb3 Nh7 45. Ke2 h4 46. Rd3 Ng5 47. Kd2 Rd8 48. Kc2 Rd7 1/2-1/2

[Event "Verona Province-ch"]
[Site "Zevio Verona"]
[Date "2014.01.26"]
[Round "5"]
[White "Jimchi, Abdelaziz"]
[Black "Paoli, Walter"]
[Result "1-0"]
[WhiteElo "1783"]
[BlackElo "1999"]
[PlyCount "85"]
[EventDate "2014.01.18"]
[EventType "swiss"]
[EventRounds "6"]
[EventCountry "ITA"]
[SourceTitle "EXT 2015"]
[Source "ChessBase"]
[SourceDate "2014.11.20"]
[SourceVersion "1"]
[SourceVersionDate "2014.11.20"]
[SourceQuality "1"]

1. d4 d5 2. c4 e6 3. Nc3 Nf6 4. Bg5 c6 5. cxd5 exd5 6. e3 Be7 7. Bd3 0-0 8. Nf3 Nbd7 9. 0-0 Re8 10. Qc2 Nf8 11. h3 Nh5 12. Bxe7 Qxe7 13. Rab1 Be6 14. b4 Nf6 15. Na4 N6d7 16. Rfc1 Rec8 17. Nc5 b5 18. Nxd7 Bxd7 19. Ne5 g6 20. Qb3 Ne6 21. Rc2 a5 22. a3 axb4 23. Qxb4 Qxb4 24. axb4 Be8 25. Rbc1 Ra4 26. Bxb5 Rxb4 27. Bxc6 f6 28. Bxd5 Rxc2 29. Bxe6+ Kg7 30. Rxc2 fxe5 31. dxe5 Rb7 32. f4 Re7 33. Bd5 Rd7 34. e4 Re7 35. Kf2 h6 36. Ke3 g5 37. g3 Ra7 38. Rc3 Re7 39. Kd4 Ra7 40. f5 Ra4+ 41. Kc5 Ra5+ 42. Kb6 Ra1 43. f6+ 1-0

[Event "Verona Province-ch"]
[Site "Zevio Verona"]
[Date "2014.01.25"]
[Round "4"]
[White "Rizzati, Aldo"]
[Black "Jimchi, Abdelaziz"]
[Result "1/2-1/2"]
[WhiteElo "1908"]
[BlackElo "1783"]
[PlyCount "140"]
[EventDate "2014.01.18"]
[EventType "swiss"]
[EventRounds "6"]
[EventCountry "ITA"]
[SourceTitle "EXT 2015"]
[Source "ChessBase"]
[SourceDate "2014.11.20"]
[SourceVersion "1"]
[SourceVersionDate "2014.11.20"]
[SourceQuality "1"]

1. e4 d5 2. exd5 Qxd5 3. d4 Nf6 4. c4 Qd6 5. Be2 c6 6. Nf3 Bg4 7. Nc3 e6 8. 0-0 Qc7 9. c5 Nbd7 10. b4 g6 11. h3 Bxf3 12. Bxf3 Bg7 13. b5 0-0 14. bxc6 bxc6 15. Qa4 Nd5 16. Nxd5 exd5 17. Bg5 Rfe8 18. Rfe1 f5 19. Rab1 Nf6 20. Bxf6 Bxf6 21. Bxd5+ Kf8 22. Bxc6 Rxe1+ 23. Rxe1 Rd8 24. d5 Rc8 25. Rb1 Qe5 26. Qxa7 Qd4 27. Bd7 Rd8 28. Be6 Be7 29. d6 Rxd6 30. Rb8+ Rd8 31. Rxd8+ Qxd8 32. Bb3 Qd4 33. Qa8+ Bd8 34. Qc8 Kg7 35. c6 Qa1+ 36. Kh2 Qe5+ 37. g3 Bc7 38. Qg8+ Kh6 39. Qf8+ Qg7 40. Qc5 Qf6 41. Kg2 f4 42. Qc1 Qg5 43. Qc3 Be5 44. Qd3 fxg3 45. fxg3 Qc1 46. Bd5 Bc7 47. Qd4 Qe1 48. Qd3 Bb6 49. h4 Qf2+ 50. Kh3 Bc7 51. Bg2 Qxa2 52. Qe3+ Kg7 53. Qe7+ Qf7 54. Qxf7+ Kxf7 55. Kg4 h5+ 56. Kf3 Kf6 57. g4 hxg4+ 58. Kxg4 Bd6 59. Be4 Bc7 60. Kf3 Kg7 61. Ke3 Kh6 62. Bf3 Kg7 63. Kd4 Kf6 64. Bg4 Ke7 65. Kc5 Kd8 66. Kb5 Ke7 67. Ka6 Kd6 68. Kb7 Ba5 69. Bf3 Ke5 70. Bd1 Kf4 1/2-1/2

[Event "Verona Province-ch"]
[Site "Zevio Verona"]
[Date "2013.01.20"]
[Round "5"]
[White "Jimchi, Abdelaziz"]
[Black "Morandini, Alessandro"]
[Result "1-0"]
[WhiteElo "1811"]
[BlackElo "1308"]
[PlyCount "65"]
[EventDate "2013.01.12"]
[EventType "swiss"]
[EventRounds "6"]
[EventCountry "ITA"]
[SourceTitle "EXT 2024"]
[Source "ChessBase"]
[SourceDate "2023.10.10"]
[SourceVersion "1"]
[SourceVersionDate "2023.10.10"]
[SourceQuality "1"]

1. d4 Nf6 2. Nf3 g6 3. Nc3 Bg7 4. Bf4 d6 5. h3 Nbd7 6. e3 a6 7. Bc4 b5 8. Be2 c5 9. 0-0 0-0 10. a3 Bb7 11. Nh2 Nd5 12. Nxd5 Bxd5 13. c3 c4 14. Bf3 Bxf3 15. Qxf3 Qc8 16. Rfd1 Nf6 17. e4 Nh5 18. Bg5 f6 19. Be3 f5 20. exf5 Qxf5 21. Qxf5 gxf5 22. Bg5 Rae8 23. Nf3 e5 24. dxe5 dxe5 25. Rd6 e4 26. Nd4 f4 27. Re1 f3 28. gxf3 exf3 29. Rxe8 Rxe8 30. Nxf3 Re2 31. Nd2 Be5 32. Rd7 Nf4 33. Kf1 1-0

[Event "Basso Veronese op 4th"]
[Site "Casaleone"]
[Date "2011.05.29"]
[Round "3"]
[White "Pisani, Valerio"]
[Black "Jimchi, Abdelaziz"]
[Result "1-0"]
[WhiteElo "1720"]
[BlackElo "1877"]
[PlyCount "35"]
[EventDate "2011.05.28"]
[EventType "swiss"]
[EventRounds "6"]
[EventCountry "ITA"]
[SourceTitle "EXT 2023"]
[Source "ChessBase"]
[SourceDate "2022.10.05"]
[SourceVersion "1"]
[SourceVersionDate "2022.10.05"]
[SourceQuality "1"]

1. Nc3 g6 2. e4 Bg7 3. d4 d6 4. Nf3 Nd7 5. Be3 a6 6. a4 b6 7. Qd2 Bb7 8. Bd3 e6 9. 0-0 Ne7 10. Bh6 0-0 11. Rfe1 e5 12. Ne2 exd4 13. Nexd4 Nc6 14. Bxg7 Kxg7 15. Nxc6 Bxc6 16. Qc3+ Kg8 17. Qxc6 Nc5 18. Rad1 1-0

[Event "Basso Veronese-B 2nd"]
[Site "Casaleone"]
[Date "2009.11.15"]
[Round "6"]
[White "Jimchi, Abdelaziz"]
[Black "Rondelli, Roberto"]
[Result "1-0"]
[WhiteElo "1918"]
[BlackElo "1533"]
[PlyCount "59"]
[EventDate "2009.11.07"]
[EventType "swiss"]
[EventRounds "6"]
[EventCountry "ITA"]
[SourceTitle "EXT 2015"]
[Source "ChessBase"]
[SourceDate "2014.11.20"]
[SourceVersion "1"]
[SourceVersionDate "2014.11.20"]
[SourceQuality "1"]

1. d4 Nf6 2. c4 e6 3. Nc3 c5 4. Nf3 cxd4 5. Nxd4 Nc6 6. Nxc6 bxc6 7. a3 d5 8. Bg5 Be7 9. e3 Ba6 10. Qa4 Qb6 11. Rb1 0-0 12. c5 Qxc5 13. Bxa6 h6 14. Bf4 Nd7 15. 0-0 e5 16. Bg3 Nb6 17. Qg4 f5 18. Qh5 Bd6 19. Rfc1 Nc4 20. b4 Qb6 21. Bxc4 dxc4 22. Qg6 Rf6 23. Qh5 a6 24. Rd1 Qc7 25. Qe2 Qf7 26. f3 g5 27. Rd2 a5 28. b5 Rb8 29. a4 Bb4 30. Bxe5 1-0

[Event "Basso Veronese op 1st"]
[Site "Casaleone"]
[Date "2008.11.23"]
[Round "5"]
[White "Jimchi, Abdelaziz"]
[Black "Caldonazzo, Matteo"]
[Result "0-1"]
[WhiteElo "1893"]
[BlackElo "1782"]
[PlyCount "52"]
[EventDate "2008.11.15"]
[EventType "swiss"]
[EventRounds "6"]
[EventCountry "ITA"]
[SourceTitle "EXT 2011"]
[Source "ChessBase"]
[SourceDate "2010.11.26"]
[SourceVersion "1"]
[SourceVersionDate "2010.11.26"]
[SourceQuality "1"]

1. d4 f5 2. g3 Nf6 3. Bg2 g6 4. Bg5 Bg7 5. Nf3 0-0 6. Nbd2 d6 7. c3 Qe8 8. 0-0 e5 9. dxe5 dxe5 10. Bxf6 Bxf6 11. e4 Nc6 12. Qe2 f4 13. b4 g5 14. gxf4 exf4 15. b5 Ne5 16. Nxe5 Bxe5 17. f3 Kh8 18. Rac1 Be6 19. a4 Qh5 20. c4 g4 21. fxg4 Qxh2+ 22. Kxh2 f3+ 23. Kh1 fxe2 24. Rxf8+ Rxf8 25. Nf3 Bg3 26. Ne1 Rf1+ 0-1

[Event "Padova Weekend op-B 8th"]
[Site "Padova"]
[Date "2005.12.18"]
[Round "5.36"]
[White "Peluso, Lorenzo"]
[Black "Jimchi, Abdelaziz"]
[Result "0-1"]
[WhiteElo "1428"]
[BlackElo "1763"]
[PlyCount "30"]
[EventDate "2005.12.10"]
[EventType "swiss"]
[EventRounds "6"]
[EventCountry "ITA"]
[SourceTitle "EXT 2024"]
[Source "ChessBase"]
[SourceDate "2023.10.10"]
[SourceVersion "1"]
[SourceVersionDate "2023.10.10"]
[SourceQuality "1"]

1. e4 d6 2. d4 Nf6 3. Nc3 c6 4. Bd3 e5 5. Nge2 Be7 6. 0-0 0-0 7. Be3 Be6 8. f4 exd4 9. Bxd4 c5 10. Be3 c4 11. f5 cxd3 12. cxd3 Bd7 13. Rc1 Nc6 14. a3 Ng4 15. Bf4 Qb6+ 0-1

[Event "Padova Weekend op-B 8th"]
[Site "Padova"]
[Date "2005.12.10"]
[Round "1.2"]
[White "Jimchi, Abdelaziz"]
[Black "Dvirnyy, Danyyil"]
[Result "0-1"]
[WhiteElo "1763"]
[BlackElo "2272"]
[PlyCount "72"]
[EventDate "2005.12.10"]
[EventType "swiss"]
[EventRounds "6"]
[EventCountry "ITA"]
[SourceTitle "EXT 2024"]
[Source "ChessBase"]
[SourceDate "2023.10.10"]
[SourceVersion "1"]
[SourceVersionDate "2023.10.10"]
[SourceQuality "1"]

1. Nf3 Nf6 2. g3 c5 3. Bg2 Nc6 4. d3 g6 5. b3 Bg7 6. Bb2 0-0 7. Nbd2 d5 8. e4 d4 9. 0-0 Qc7 10. a3 e5 11. h3 a6 12. Nh2 b5 13. f4 Nh5 14. Qf3 exf4 15. g4 Ne5 16. Qd1 Ng3 17. Rf2 g5 18. Ndf3 h6 19. Nxe5 Bxe5 20. Nf3 f6 21. Nxe5 fxe5 22. Bf3 Be6 23. Bc1 Rfc8 24. Bd2 c4 25. Rh2 cxd3 26. cxd3 Qc2 27. Qxc2 Rxc2 28. Bd1 Rb2 29. Bb4 Rxh2 30. Kxh2 Nf1+ 31. Kg1 Ne3 32. Bd6 Rc8 33. Bxe5 Rc3 34. Be2 Nc2 35. Rc1 Bxb3 36. Bxd4 Nxd4 0-1

[Event "Padova op-B 7th"]
[Site "Padova"]
[Date "2004.12.11"]
[Round "1"]
[White "Jimchi, Abdelaziz"]
[Black "Solinas, Roberto"]
[Result "1-0"]
[WhiteElo "1820"]
[BlackElo "1652"]
[PlyCount "81"]
[EventDate "2004.12.11"]
[EventType "swiss"]
[EventRounds "6"]
[EventCountry "ITA"]
[SourceTitle "EXT 2023"]
[Source "ChessBase"]
[SourceDate "2022.10.05"]
[SourceVersion "1"]
[SourceVersionDate "2022.10.05"]
[SourceQuality "1"]

1. Nf3 d5 2. g3 Nf6 3. Bg2 c6 4. 0-0 Nbd7 5. d3 e5 6. Nbd2 Bd6 7. e4 0-0 8. exd5 cxd5 9. d4 e4 10. Ne1 b5 11. c3 Nb6 12. Nc2 Bg4 13. Qe1 Qd7 14. Ne3 Bh3 15. Qe2 Bxg2 16. Kxg2 Nc4 17. Nb3 a5 18. Nc5 Bxc5 19. dxc5 Rac8 20. b4 axb4 21. cxb4 Nxe3+ 22. Bxe3 d4 23. Bg5 Qg4 24. Qxg4 Nxg4 25. Bf4 f5 26. Rfd1 d3 27. h3 Nf6 28. a4 Nd5 29. Bd6 Rfe8 30. axb5 Nc3 31. Rdc1 Nxb5 32. Bf4 Nd4 33. Rcb1 Ra8 34. Rxa8 Rxa8 35. b5 Ra2 36. c6 d2 37. c7 Rc2 38. b6 Ne6 39. b7 Nxf4+ 40. gxf4 Kf7 41. c8Q 1-0